| 000 | 01012nam a2200337 i 4500 | ||
|---|---|---|---|
| 001 | 1172 | ||
| 003 | KOSZ 005 | ||
| 005 | 20201202145638.0 | ||
| 008 | 981118s1984 pl a f f |000 0 pol | ||
| 015 | _aPB 1985/930 | ||
| 020 | _a8321332153 | ||
| 035 | _a(OCoLC)749241918 | ||
| 040 |
_aWA N _cWA N _dKOSZ 005/EC |
||
| 041 | 0 | _apol | |
| 046 | _k1984 | ||
| 080 | _a628:502.5:54](075.8) | ||
| 100 | 1 |
_aHermanowicz, Witold _d(1904-1984) _eAutor |
|
| 245 | 1 | 0 |
_aChemia sanitarna / _cWitold Hermanowicz. |
| 260 |
_aWarszawa : _b"Arkady", _c1984. |
||
| 300 |
_a538, [1] s. : _brys., wykr. ; _c25 cm. |
||
| 380 | _aKsiążki. | ||
| 388 | _a1901-2000 | ||
| 388 | _a1945-1989 | ||
| 504 | _aBibliogr. s. 536-538. | ||
| 655 | 4 | _aPodręczniki akademickie | |
| 650 | 4 | _aOchrona środowiska | |
| 650 | 4 | _aChemia | |
| 710 | 2 |
_aWydawnictwo "Arkady". _4pbl. |
|
| 856 |
_uhttp://koha.tu.koszalin.pl/cgi-bin/koha/opac-detail.pl?biblionumber=1172 _yKatalog online BPK |
||
| 942 |
_2UKD _cKS |
||
| 999 |
_c1172 _d1172 |
||